U.S. Cities Over 100,000 - T - Statistics

General Stats
  • This quiz has been taken 121 times
    108 since last reset
  • The average score is 8 of 14
Answer Stats
Pop. City % Correct
520,116 Tucson
91%
335,709 Tampa
86%
403,090 Tulsa
84%
287,208 Toledo
81%
181,376 Tallahassee
80%
211,277 Tacoma
63%
161,719 Tempe
59%
127,473 Topeka
57%
100,287 Tuscaloosa
51%
145,438 Torrance
43%
104,798 Tyler
39%
118,772 Thornton
31%
126,683 Thousand Oaks
31%
100,097 Temecula
20%
No matching quizzes found
Score Distribution
Percent of People with Each Score
Percentile by Number Answered
Your Score History
You have not taken this quiz since the last reset